rodzaje, smaki piwa - desperados - Statystyki

Ogólne statystyki
  • Ten quiz został rozwiązany 90 razy
  • Średni wynik to 4 z 11
Statystyki odpowiedzi
Smaki % Poprawnych
Red
75%
Mojito
69%
Whisky Sour
51%
Original
49%
Lime
45%
Exotic Rum
31%
Melon Cooler
31%
Virgin
25%
Cranberry Fizz
15%
Strawberry Margarita
15%
Tropical Twist
10%
Nie znaleziono quizów pasujących do podanych kryteriów
Rozkład punktacji
Procent ludzi z każdym wynikiem
Percentyl według liczby udzielonych odpowiedzi
Twoja historia wyników
Nie rozwiązałeś tego quizu